[Event "Eastern Asia-ch U16"]
[Site "Tornelo INT"]
[Date "2021.10.29"]
[Round "3"]
[White "Nguyen, Duc Sang"]
[Black "Chai, Chang Yik"]
[Result "1-0"]
[WhiteElo "1615"]
[BlackElo "1312"]
[PlyCount "83"]
[EventDate "2021.10.29"]
[EventType "swiss"]
[EventRounds "9"]
[EventCountry "NET"]
[SourceTitle "CBM 205 Extra"]
[Source "ChessBase"]
[SourceDate "2022.01.31"]
[SourceVersion "1"]
[SourceVersionDate "2022.01.31"]
[SourceQuality "1"]

1. d4 d5 2. Nf3 Nf6 3. c4 c6 4. Nc3 a6 5. a4 Bf5 6. Qb3 Ra7 7. c5 Nbd7 8. h3 Ne4 9. Bf4 g6 10. e3 Bg7 11. g4 Be6 12. Qc2 f5 13. Nxe4 fxe4 14. Nd2 0-0 15. Bg2 Rf7 16. 0-0 h6 17. Qb3 g5 18. Bg3 Nf8 19. f3 exf3 20. Rxf3 Ng6 21. Raf1 Bf6 22. Kh1 Qd7 23. Qd3 Kg7 24. R3f2 Ra8 25. Bf3 Rh8 26. Bd1 h5 27. gxh5 Bxh3 28. Qxg6+ Kf8 29. Rg1 e6 30. Rxf6 Bf5 31. Rxf7+ Qxf7 32. Bd6+ Ke8 33. Qxf7+ Kxf7 34. Rxg5 Rh7 35. Nf3 Be4 36. Kh2 Kf6 37. Be5+ Kf7 38. Bf4 Bf5 39. Ne5+ Ke7 40. Bg4 Be4 41. Ng6+ Kf7 42. Bxe6+ 1-0

[Event "Vientiane op"]
[Site "Vientiane"]
[Date "2018.12.23"]
[Round "9"]
[White "Faruq, Afifa Ayyun"]
[Black "Chai, Chang Yik"]
[Result "1-0"]
[WhiteElo "1793"]
[BlackElo "1342"]
[PlyCount "117"]
[EventDate "2018.12.18"]
[EventType "swiss"]
[EventRounds "9"]
[EventCountry "LAO"]
[SourceTitle "CBM 187 Extra"]
[Source "ChessBase"]
[SourceDate "2018.11.04"]
[SourceVersion "1"]
[SourceVersionDate "2018.11.04"]
[SourceQuality "1"]

1. e4 e5 2. Nf3 Nc6 3. d4 exd4 4. Nxd4 Nf6 5. Nc3 Bb4 6. Nxc6 bxc6 7. Bd3 d5 8. exd5 cxd5 9. 0-0 0-0 10. Bg5 c6 11. Qf3 Be7 12. h3 h6 13. Bh4 Rb8 14. b3 Rb4 15. Bg3 c5 16. a3 Rb6 17. Rae1 Bb7 18. Be5 d4 19. Ne4 Qd5 20. Bxf6 Bxf6 21. Bc4 Qd8 22. Qh5 Qc8 23. Nxc5 g6 24. Qxg6+ Bg7 25. Qh5 Rg6 26. Qxg6 Qxc5 27. Re8 Qc7 28. Rfe1 Qf4 29. Qg3 Qxg3 30. fxg3 h5 31. R8e7 Bc8 32. Rxf7 Rxf7 33. Re7 Bf5 34. Rxf7 Bg6 35. Rxa7+ Kh7 36. Bd3 Bxd3 37. cxd3 Kh6 38. Rxg7 Kxg7 39. a4 Kf6 40. a5 Ke6 41. a6 Kd6 42. a7 Kc5 43. a8Q Kb4 44. Qa4+ Kc3 45. Qc4+ Kd2 46. b4 h4 47. b5 hxg3 48. b6 Ke2 49. b7 Kd2 50. b8R Ke3 51. Rb2 Kf4 52. Qxd4+ Kf5 53. Rb5+ Ke6 54. Qb6+ Kd7 55. Rd5+ Ke7 56. Qc7+ Ke6 57. Qc6+ Ke7 58. Rd7+ Ke8 59. Qc8# 1-0

[Event "Vientiane op"]
[Site "Vientiane"]
[Date "2018.12.21"]
[Round "7"]
[White "Cheah, Hoang Vu Jonathan"]
[Black "Chai, Chang Yik"]
[Result "0-1"]
[WhiteElo "1218"]
[BlackElo "1342"]
[PlyCount "40"]
[EventDate "2018.12.18"]
[EventType "swiss"]
[EventRounds "9"]
[EventCountry "LAO"]
[SourceTitle "CBM 187 Extra"]
[Source "ChessBase"]
[SourceDate "2018.11.04"]
[SourceVersion "1"]
[SourceVersionDate "2018.11.04"]
[SourceQuality "1"]

1. e4 e5 2. Nf3 Nc6 3. Bc4 Bc5 4. c3 Nf6 5. d4 exd4 6. 0-0 d6 7. cxd4 Bb6 8. e5 dxe5 9. dxe5 Qxd1 10. Rxd1 Ng4 11. Rd2 0-0 12. Nc3 Ngxe5 13. Nxe5 Nxe5 14. Bb3 Bf5 15. Nd5 Rfe8 16. Nxb6 axb6 17. Re2 Nf3+ 18. gxf3 Rxe2 19. Kf1 Rae8 20. Bf4 Bh3+ 0-1

[Event "Vientiane op"]
[Site "Vientiane"]
[Date "2018.12.19"]
[Round "3"]
[White "Smit, Gabriel"]
[Black "Chai, Chang Yik"]
[Result "1-0"]
[WhiteElo "1658"]
[BlackElo "1342"]
[PlyCount "79"]
[EventDate "2018.12.18"]
[EventType "swiss"]
[EventRounds "9"]
[EventCountry "LAO"]
[SourceTitle "CBM 187 Extra"]
[Source "ChessBase"]
[SourceDate "2018.11.04"]
[SourceVersion "1"]
[SourceVersionDate "2018.11.04"]
[SourceQuality "1"]

1. Nf3 d5 2. d4 Nf6 3. c4 c6 4. e3 Bg4 5. Qb3 Qc7 6. Nc3 e6 7. Ne5 Bh5 8. Bd2 a6 9. Rc1 Nbd7 10. cxd5 Nxe5 11. dxe5 Nxd5 12. Nxd5 exd5 13. Qxd5 Rd8 14. Qa5 Qxa5 15. Bxa5 Rd5 16. Bc3 b5 17. e4 Rd7 18. Be2 Bg6 19. Bg4 Rd3 20. Ke2 Bxe4 21. f3 Bg6 22. Rhd1 h5 23. Bh3 Rxd1 24. Rxd1 c5 25. Ba5 c4 26. Rd8+ Ke7 27. Ra8 Bd3+ 28. Ke3 f5 29. Bb4+ Kf7 30. e6+ Kxe6 31. Rxf8 Rh6 32. Ra8 Kd5 33. Rd8+ Ke5 34. f4+ Ke6 35. Rd6+ Kf7 36. Rxh6 gxh6 37. g3 Bb1 38. a3 Be4 39. Kd4 Ke6 40. Bf1 1-0

[Event "Vientiane op"]
[Site "Vientiane"]
[Date "2018.12.18"]
[Round "1"]
[White "Maneesorn, Kankawee"]
[Black "Chai, Chang Yik"]
[Result "1-0"]
[WhiteElo "1915"]
[BlackElo "1342"]
[PlyCount "41"]
[EventDate "2018.12.18"]
[EventType "swiss"]
[EventRounds "9"]
[EventCountry "LAO"]
[SourceTitle "CBM 187 Extra"]
[Source "ChessBase"]
[SourceDate "2018.11.04"]
[SourceVersion "1"]
[SourceVersionDate "2018.11.04"]
[SourceQuality "1"]

1. e4 e5 2. Nf3 Nc6 3. Bb5 Nf6 4. 0-0 Nxe4 5. Re1 Nd6 6. Bf1 e4 7. Nc3 f5 8. d3 Nf7 9. dxe4 fxe4 10. Bc4 Be7 11. Qd5 0-0 12. Ng5 Bxg5 13. Bxg5 Nb4 14. Qxf7+ Rxf7 15. Bxd8 d5 16. Nxd5 Nxc2 17. Nxc7 Be6 18. Bxe6 Rxd8 19. Rad1 Rc8 20. Re2 Rcxc7 21. Rd8# 1-0

[Event "Laos op"]
[Site "Vientiane"]
[Date "2018.01.06"]
[Round "7"]
[White "Le, Phi Lan"]
[Black "Chai, Chang Yik"]
[Result "1-0"]
[WhiteElo "1372"]
[BlackElo "1123"]
[PlyCount "85"]
[EventDate "2018.01.03"]
[EventType "swiss"]
[EventRounds "9"]
[EventCountry "LAO"]
[SourceTitle "CBM 182 Extra"]
[Source "ChessBase"]
[SourceDate "2018.02.23"]
[SourceVersion "1"]
[SourceVersionDate "2018.02.23"]
[SourceQuality "1"]

1. d4 d5 2. c4 c6 3. Nc3 Nf6 4. cxd5 cxd5 5. Bf4 Bf5 6. e3 e6 7. Bb5+ Nc6 8. Nf3 Bd6 9. Bg3 a6 10. Bd3 Bg6 11. a3 Qc7 12. 0-0 0-0 13. b4 b5 14. Rc1 Rab8 15. Bxg6 fxg6 16. Qc2 Rbc8 17. Qa2 Bxg3 18. hxg3 Qb7 19. Rfe1 Nd8 20. Ne2 Rf7 21. Nf4 Rfc7 22. Rc5 Ne4 23. Rxc7 Qxc7 24. Nxd5 Qc2 25. Qxc2 Rxc2 26. Nf4 Nxf2 27. Ng5 Ng4 28. Nfxe6 Nxe6 29. Nxe6 Kf7 30. Nc5 Rc3 31. e4 Rxa3 32. e5 Ke7 33. d5 Re3 34. d6+ Kd8 35. Rxe3 Nxe3 36. e6 Nc4 37. Nb7+ Kc8 38. d7+ Kxb7 39. d8Q Ne5 40. Qd5+ Kc8 41. e7 Nc6 42. e8Q+ Kc7 43. Qdxc6# 1-0